| 000 | 00000nam##2200000za#4500 |
| 001 | 9.577852 |
| 003 | CaOODSP |
| 005 | 20210624185817 |
| 007 | cr ||||||||||| |
| 008 | 150406|1980||||xxc|||||o f|0| 0 eng|d |
| 022 | |a1488-5387 |
| 040 | |aCaOODSP|beng |
| 043 | |an-cn--- |
| 086 | 1 |aFs97-4/1569E-PDF |
| 110 | 1 |aCanada. |bDepartment of Fisheries and Oceans. |
| 245 | 10|aPhysical and biological oceanographic observations in Logy Bay, Newfoundland, April-September 1979 / |h[electronic resource]|cby Ted A. Kendaris, Marine Sciences Research Laboratory, Memorial University of Newfoundland. |
| 260 | |aSt. John's - Newfoundland and Labrador : |bFisheries and Oceans Canada |cMay 1980. |
| 300 | |a66p.|bfigs., graphs, map, references, tables |
| 490 | 1 |aCanadian manuscript report of fisheries and aquatic sciences|x1488-5387|vNo. 1569 |
| 500 | |a"MSRL contribution no. 398"--p.3 of 66. "This is the second manuscript report from the Research and Resource Services Directorate, St. John's, Newfoundland"--p.3 of 66. The catalogue number (Fs97-4/1569) and ISSN (0706-6473) for the print edition have been incorrectly copied in this electronic publication. |
| 546 | |a(Résumés en français) |
| 590 | |a13-25-Supp|b2013-10-28 |
| 690 | 07|aOceanography|2gcpds |
| 720 | 1 |aKendaris, Ted A. |
| 830 | #0|aCanadian manuscript report of fisheries and aquatic sciences,|x1488-5387|vNo. 1569|w(CaOODSP)9.505211 |
| 856 | 40|ahttp://publications.gc.ca|qPDF|s1.42 MB|uhttps://publications.gc.ca/collections/collection_2013/mpo-dfo/Fs97-4-1569-eng.pdf|yNo. 1569 |